000 00817nam a2200265Ia 4500
003 OSt
005 20221005062344.0
006 a|||||r|||| 00| 0
007 ta
008 221004b |||||||| |||| 00| 0 eng d
020 _a9780367898366 (hbk)
_cINR 1495.00
024 _a65726
037 _bSBS/04, 13/01/2020, Shivam Book Service
_cTextual
040 _aCRL
_cCRL
_beng
041 _2eng
_aeng
082 _aY15:45:(Z2), R0
100 _aNigam Shalu Au.
_9601740
245 0 _aWomen and domestic violence law in India
_b quest for justice
260 _aLondon
_bRoutledge UK
_c2020
300 _axii,299p.
_ccm.
650 _a WOMEN
650 _aVIOLENCE
942 _hY15:45:(Z2), R0
_cTEXL
_2cc
999 _c969573
_d969573